Объемные разряды высокого давления в газовых лазерах; Успехи физических наук; Т. 148, вып. 1

Bibliographic Details
Parent link:Успехи физических наук/ Российская академия наук (РАН), Физический институт им. П. Н. Лебедева (ФИАН).— , 1920-
Т. 148, вып. 1.— 1986.— С. 101-122
Main Author: Месяц Г. А. Геннадий Андреевич
Other Authors: Королев Ю. Д. Юрий Дмитриевич
Language:Russian
Published: 1986
Subjects:
Format: Book Chapter
KOHA link:https://koha.lib.tpu.ru/cgi-bin/koha/opac-detail.pl?biblionumber=457701

MARC

LEADER 00000naa2a2200000 4500
001 457701
005 20231101084850.0
035 |a (RuTPU)RU\TPU\prd\121126 
090 |a 457701 
100 |a 20110923a1986 k y0rusy50 ca 
101 0 |a rus 
102 |a RU 
200 1 |a Объемные разряды высокого давления в газовых лазерах  |f Г. А. Месяц, Ю. Д. Королев 
320 |a Библиогр.: с. 118-122 (131 назв.) 
461 0 |0 (RuTPU)RU\TPU\prd\399  |t Успехи физических наук  |f Российская академия наук (РАН), Физический институт им. П. Н. Лебедева (ФИАН)  |d 1920- 
463 0 |0 (RuTPU)RU\TPU\prd\120708  |t Т. 148, вып. 1  |v С. 101-122  |d 1986 
610 1 |a труды учёных ТПУ 
700 1 |a Месяц  |b Г. А.  |c российский физик  |c академик, вице-президент РАН  |c выпускник Томского политехнического института  |f 1936-  |g Геннадий Андреевич  |2 stltpush  |3 (RuTPU)RU\TPU\pers\17099 
701 1 |a Королев  |b Ю. Д.  |c физик  |c профессор Томского политехнического университета  |g Юрий Дмитриевич  |2 stltpush  |3 (RuTPU)RU\TPU\pers\26833  |4 070 
801 1 |a RU  |b 63413507  |c 20110923 
801 2 |a RU  |b 63413507  |c 20111014  |g RCR 
942 |c BK